| 000 | 01065pam a2200313 a 4500 | ||
|---|---|---|---|
| 999 |
_c17020 _d16992 |
||
| 001 | 015864685 | ||
| 003 | EG-ScBUE | ||
| 005 | 20201203132212.0 | ||
| 008 | 110804s2011 stkab b 001 0 eng|d | ||
| 020 | _a0702034843 | ||
| 020 | _a9780702034848 | ||
| 040 |
_aEG-ScBUE _beng _erda _cEG-ScBUE _dEG-ScBUE |
||
| 082 | 0 | 4 |
_a617.522 _bSAM _223 |
| 100 | 1 |
_aSamaranayake, Lakshman P., _eauthor. _930174 |
|
| 245 | 1 | 0 |
_aEssential Microbiology for Dentistry / _cLakshman Samaranayake. |
| 250 | _aFourth edition. | ||
| 264 | 1 |
_aEdinburgh ; _aNew York : _bChurchill Livingstone Elsevier, _c2012. |
|
| 300 |
_aviii, 382 pages : _billustrations (some color), color maps ; _c28 cm |
||
| 336 |
_atext _btxt _2rdacontent |
||
| 337 |
_aunmediated _bn _2rdamedia |
||
| 338 |
_avolume _bnc _2rdacarrier |
||
| 500 | _aPrevious edition : 2006. | ||
| 504 | _aIncludes bibliographical references and index. | ||
| 650 | 7 |
_aMedical microbiology. _2BUEsh _930959 |
|
| 650 | 7 |
_aMouth _xMicrobiology. _2BUEsh _930176 |
|
| 651 | _2BUEsh | ||
| 653 |
_bDDENT _cSeptember2012 |
||
| 942 |
_2ddc _cBB |
||